000 00772nam a22002297a 4500
005 20240530110617.0
008 161205s2005 ua a f b 000 0 ara d
017 _a2005/13591
_bمصر. دار الكتب
020 _a9771803875
040 _aEG-CaGPL
_cEG-CaGPL
082 0 4 _221
_a324.262
_bق/م ح
100 0 _aمنصور عبدالسميع منصور .
245 1 0 _aحزب الكتلة الوفدية 1942 - 1953 /
_cتاليف منصور عبدالسميع منصور .
250 _aط.1
260 _aالقاهرة :
_c2005 .
300 _a274 ص ؛
_c24 سم .
504 _aببليوجرافية : ص 261 - 268
600 0 _aمصطفى النحاس .
651 0 7 _2qrmak
_aمصر
_xحزب الوفد
942 _2ddc
_cBK
999 _c62988
_d62988